[Event "XI Festival A"]
[Site "Campobasso ITA"]
[Date "2004.07.09"]
[Round "1"]
[White "Zimina, Olga"]
[Black "Ragnoni, Alessandro"]
[Result "1-0"]
[WhiteElo "2430"]
[BlackElo "2075"]
[PlyCount "115"]
[EventDate "2004.07.09"]

1. e4 c5 2. Nf3 d6 3. Bb5+ Bd7 4. Bxd7+ Nxd7 5. O-O g6 6. c4 Bg7 7. Nc3 Ngf6 8.
Qe2 Ng4 9. d3 O-O 10. Bg5 f6 11. Bd2 Nge5 12. Ne1 Nc6 13. Be3 e5 14. f4 f5 15.
Qd2 fxe4 16. Nxe4 Qe7 17. Nf3 Nd4 18. Rad1 Nf5 19. fxe5 Nxe5 20. Bg5 Qc7 21.
Kh1 Nxf3 22. Rxf3 Nd4 23. Nf6+ Kh8 24. Rf2 Qf7 25. Ne4 Qd7 26. Bf6 Nf5 27. Qc3
h5 28. Bxg7+ Qxg7 29. Kg1 Rae8 30. Rdf1 Qxc3 31. bxc3 Kg7 32. g3 Re6 33. Rb1 b6
34. a4 Rfe8 35. a5 bxa5 36. Ra2 Rxe4 37. dxe4 Rxe4 38. Rxa5 Rxc4 39. Rxa7+ Kf6
40. Rb3 Re4 41. Kf2 Nh6 42. h3 Nf7 43. Ra6 Ke6 44. Rb2 Ke5 45. Rd2 Ke6 46. Re2
Kd5 47. Rxe4 Kxe4 48. Ke2 g5 49. Ra8 d5 50. Rc8 d4 51. Rxc5 d3+ 52. Ke1 Ne5 53.
Kd1 Nf3 54. Rc8 d2 55. Ke2 Ng1+ 56. Kxd2 Kf3 57. Rg8 Nxh3 58. c4 1-0

[Event "XI Festival A"]
[Site "Campobasso ITA"]
[Date "2004.07.09"]
[Round "2"]
[White "Adamo, Luigi"]
[Black "Gagliardi, Pietro"]
[Result "1-0"]
[WhiteElo "1742"]
[BlackElo "2201"]
[PlyCount "151"]
[EventDate "2004.07.09"]

1. e4 c6 2. d4 d5 3. Nc3 dxe4 4. Nxe4 Bf5 5. Ng3 Bg6 6. Nf3 Nd7 7. h4 h6 8. h5
Bh7 9. Bd3 Bxd3 10. Qxd3 Qc7 11. Bd2 Ngf6 12. Ne4 e6 13. Nxf6+ Nxf6 14. Ne5
O-O-O 15. Bf4 Bd6 16. O-O-O c5 17. Qc4 Nd5 18. Bg3 f6 19. Ng6 Bxg3 20. Nxh8
Bf4+ 21. Kb1 Rxh8 22. dxc5 Be5 23. g3 Qc6 24. f4 Bc7 25. Rhe1 f5 26. a3 a6 27.
Rd2 Re8 28. Rde2 Kd7 29. Qd4 Kc8 30. Qc4 Re7 31. c3 Kd7 32. g4 fxg4 33. f5 Nf4
34. Rd2+ Kc8 35. fxe6 Rxe6 36. Red1 Qe4+ 37. Qxe4 Rxe4 38. Rd7 Ne6 39. Re7 g3
40. Re8+ Bd8 41. Rdxd8+ Kc7 42. Rd2 Nxc5 43. Rxe4 Nxe4 44. Re2 Ng5 45. Kc2 Kd6
46. Kd2 Kd5 47. Ke3 Ke5 48. Rg2 Ne4 49. Kf3 Kf5 50. Re2 Nf6 51. Kxg3 Nxh5+ 52.
Kh2 g5 53. Re7 Nf4 54. Rxb7 h5 55. Rh7 h4 56. c4 Kg6 57. Rh8 Kg7 58. Re8 g4 59.
Re4 g3+ 60. Kh1 Ng6 61. c5 Kf6 62. c6 Ne7 63. Rxh4 Ke5 64. Rh7 Nxc6 65. Rh6 Kd5
66. Kg2 a5 67. Kxg3 Kc5 68. Kf3 Nd4+ 69. Ke4 Kc4 70. Ra6 Nb3 71. Ke3 Kb5 72.
Ra8 Nc5 73. Kd4 Nb3+ 74. Kc3 a4 75. Rb8+ Kc5 76. Rxb3 1-0

[Event "XI Festival A"]
[Site "Campobasso ITA"]
[Date "2004.07.09"]
[Round "2"]
[White "Affinito, Pancrazio"]
[Black "Di Lascio, Savino"]
[Result "1-0"]
[WhiteElo "2115"]
[BlackElo "2024"]
[PlyCount "49"]
[EventDate "2004.07.09"]

1. d4 Nf6 2. c4 e6 3. g3 Be7 4. Bg2 d5 5. Nf3 Nbd7 6. O-O c6 7. Qc2 h5 8. cxd5
exd5 9. Nc3 Nf8 10. e4 dxe4 11. Nxe4 Nd5 12. Re1 Ne6 13. a3 h4 14. Nc3 g5 15.
Nxd5 cxd5 16. Be3 Bd7 17. Ne5 hxg3 18. fxg3 Qc7 19. Qf5 Nd8 20. Nxd7 Qxd7 21.
Qxd5 Qxd5 22. Bxd5 f6 23. Rac1 Kd7 24. Be4 Bd6 25. Bf5+ 1-0

[Event "XI Festival A"]
[Site "Campobasso ITA"]
[Date "2004.07.09"]
[Round "2"]
[White "Bottino, Alexiei"]
[Black "Ljubisavljevic, Zivojin Z."]
[Result "0-1"]
[WhiteElo "2061"]
[BlackElo "2280"]
[PlyCount "72"]
[EventDate "2004.07.09"]

1. d4 d5 2. c4 e6 3. Nc3 f5 4. Nf3 c6 5. b3 Nf6 6. g3 Bb4 7. Bd2 Qa5 8. Qc2 Ne4
9. Nxe4 dxe4 10. Bxb4 Qxb4+ 11. Qd2 a5 12. Ne5 Nd7 13. Nxd7 Bxd7 14. e3 b5 15.
O-O-O bxc4 16. Bxc4 Qd6 17. Qb2 a4 18. Kc2 Kf7 19. Ra1 Rhb8 20. Rhd1 Bc8 21.
Qc3 Ba6 22. Rab1 Rb4 23. Bxa6 Rxa6 24. a3 Rb5 25. b4 g5 26. h4 f4 27. gxf4 gxf4
28. Rg1 Rf5 29. Rg2 Qd5 30. Rbg1 fxe3 31. Qxe3 Qb3+ 32. Kd2 Ke7 33. Rg3 Qb2+
34. Ke1 Kd6 35. Qxe4 Qxf2+ 36. Kd1 Rd5 0-1

[Event "XI Festival A"]
[Site "Campobasso ITA"]
[Date "2004.07.09"]
[Round "2"]
[White "Cappai, Davide"]
[Black "Zimina, Olga"]
[Result "0-1"]
[WhiteElo "2132"]
[BlackElo "2430"]
[PlyCount "66"]
[EventDate "2004.07.09"]

1. e4 c6 2. d4 d5 3. Nc3 dxe4 4. Nxe4 Bf5 5. Ng3 Bg6 6. h4 h6 7. Nh3 e6 8. Nf4
Bh7 9. Bc4 Nf6 10. c3 Bd6 11. Ngh5 Rg8 12. Qe2 Nbd7 13. b4 Qe7 14. b5 c5 15.
Rh3 O-O-O 16. a4 g5 17. hxg5 hxg5 18. Nxf6 Nxf6 19. Nxe6 fxe6 20. Bxe6+ Nd7 21.
Bxg8 Bxg8 22. Qxe7 Bxe7 23. Ba3 Bd5 24. Rg3 Rh8 25. O-O-O Bb3 26. Re1 Bd6 27.
Rh3 Rxh3 28. gxh3 Bxa4 29. dxc5 Bf4+ 30. Kb2 Bxb5 31. Kb3 Ne5 32. Rd1 Bd7 33.
Rh1 Bc6 0-1

[Event "XI Festival A"]
[Site "Campobasso ITA"]
[Date "2004.07.09"]
[Round "2"]
[White "Collutiis, Duilio"]
[Black "Damia, Angelo"]
[Result "1-0"]
[WhiteElo "2387"]
[BlackElo "2129"]
[PlyCount "63"]
[EventDate "2004.07.09"]

1. e4 c5 2. Nf3 d6 3. d4 cxd4 4. Qxd4 Nc6 5. Bb5 Bd7 6. Bxc6 bxc6 7. c4 Qb6 8.
Qd3 Nf6 9. Nc3 g6 10. O-O Bg7 11. Rb1 O-O 12. h3 c5 13. Re1 Rfd8 14. Bg5 Bc6
15. Nd5 Bxd5 16. exd5 h6 17. Bd2 Nd7 18. Rxe7 Ne5 19. Nxe5 dxe5 20. b4 Rab8 21.
Rb3 cxb4 22. Rxb4 Qc5 23. Rbb7 Rxb7 24. Rxb7 Rc8 25. Be3 Qxc4 26. Qxc4 Rxc4 27.
Rb8+ Kh7 28. d6 Ra4 29. d7 Bf6 30. d8=Q Bxd8 31. Rxd8 Rxa2 32. Rd7 1-0

[Event "XI Festival A"]
[Site "Campobasso ITA"]
[Date "2004.07.09"]
[Round "2"]
[White "Cordi', Domenico"]
[Black "Pulimeno, Roberto"]
[Result "1/2-1/2"]
[WhiteElo "2110"]
[BlackElo "1916"]
[PlyCount "71"]
[EventDate "2004.07.09"]

1. Nf3 Nf6 2. d4 g6 3. c4 Bg7 4. Nc3 O-O 5. e4 d6 6. Be2 Nbd7 7. O-O e5 8. Be3
Ng4 9. Bg5 f6 10. Bh4 c6 11. h3 Nh6 12. Qc2 Qe8 13. Rad1 g5 14. Bg3 Qg6 15.
dxe5 fxe5 16. Qd2 Nf7 17. Nh2 Nf6 18. Rfe1 Kh8 19. Qd3 Be6 20. Nf1 g4 21. hxg4
Bxg4 22. Bxg4 Nxg4 23. Ne3 Nxe3 24. Rxe3 Bf6 25. Bh2 Bh4 26. Rh3 Rg8 27. Bg3
Be7 28. Qe2 Ng5 29. Rh2 Raf8 30. Qh5 Qe6 31. b3 Rg7 32. Rd2 Rg6 33. Nd1 Rg7 34.
Re2 Rf6 35. Rh4 Nf7 36. Rh2 1/2-1/2

[Event "XI Festival A"]
[Site "Campobasso ITA"]
[Date "2004.07.09"]
[Round "2"]
[White "Della Corte, Alessandro"]
[Black "Stromboli, Ettore"]
[Result "0-1"]
[WhiteElo "2128"]
[BlackElo "2116"]
[PlyCount "96"]
[EventDate "2004.07.09"]

1. e4 e6 2. d4 d5 3. Nc3 Bb4 4. Bd3 c5 5. exd5 Qxd5 6. Bd2 Bxc3 7. Bxc3 cxd4 8.
Bxd4 e5 9. Bc3 Nc6 10. Qe2 Be6 11. Nf3 f6 12. O-O Nge7 13. Rfd1 Qc5 14. Bd4 Qa5
15. b4 Qc7 16. Bc5 b6 17. Bd6 Qxd6 18. Bg6+ Kd7 19. Rxd6+ Kxd6 20. Be4 Rad8 21.
Qa6 Bc8 22. Qa3 Ke6 23. Qb3+ Nd5 24. Rd1 Nce7 25. c4 Nc7 26. c5+ Ncd5 27. c6
Rd6 28. b5 Rhd8 29. Nd2 f5 30. Bxd5+ Rxd5 31. Nf1 Kf6 32. Rxd5 Rxd5 33. Qa4 Be6
34. f3 Nc8 35. Qb4 Nd6 36. Qh4+ Kf7 37. Ne3 Rxb5 38. Qd8 Rb1+ 39. Kf2 Nc8 40.
Nc4 Bxc4 41. Qxc8 Rb2+ 42. Ke1 Be6 43. Qb7+ Kf6 44. c7 Rc2 45. Qxa7 Bxa2 46.
Qxb6+ Be6 47. Kd1 Rc4 48. Qd6 Rd4+ 0-1

[Event "XI Festival A"]
[Site "Campobasso ITA"]
[Date "2004.07.09"]
[Round "2"]
[White "Djuric, Stefan"]
[Black "Mazzilli, Piero"]
[Result "1-0"]
[WhiteElo "2511"]
[BlackElo "2302"]
[PlyCount "54"]
[EventDate "2004.07.09"]

1. d4 d5 2. Nf3 c6 3. Bf4 Bf5 4. Nbd2 e6 5. h3 Bd6 6. Bxd6 Qxd6 7. Nh4 Nf6 8.
Nxf5 exf5 9. c3 f4 10. Qc2 Nbd7 11. Rg1 Nh5 12. O-O-O O-O 13. Qd3 Qg6 14. e4
fxe3 15. Qxe3 Rfe8 16. Qf3 Nhf6 17. Bd3 Ne4 18. h4 Ndf6 19. g3 Ng4 20. Rg2 h5
21. Kc2 Re6 22. Qf4 Rae8 23. Re1 Qf6 24. Qxf6 Nexf6 25. Rxe6 Rxe6 26. Kd1 b5
27. Nb3 Kf8 1-0

[Event "XI Festival A"]
[Site "Campobasso ITA"]
[Date "2004.07.09"]
[Round "2"]
[White "Georgiev, Vladimir"]
[Black "Pazderski, Bartlomiej"]
[Result "1-0"]
[WhiteElo "2511"]
[BlackElo "1835"]
[PlyCount "49"]
[EventDate "2004.07.09"]

1. d4 Nf6 2. c4 c5 3. d5 e6 4. Nc3 exd5 5. cxd5 d6 6. e4 g6 7. Bd3 Bg7 8. Nge2
O-O 9. O-O Nbd7 10. Bg5 h6 11. Bh4 Re8 12. Kh1 a6 13. a4 Ne5 14. f4 Nxd3 15.
Qxd3 Qc7 16. Ng3 Rb8 17. Rae1 g5 18. fxg5 Ng4 19. Nf5 Bxf5 20. exf5 Be5 21. f6
Qd7 22. gxh6 Nxh6 23. h3 Kh8 24. Bg5 Ng8 25. Qf3 1-0

[Event "XI Festival A"]
[Site "Campobasso ITA"]
[Date "2004.07.09"]
[Round "2"]
[White "Massetti, Gianfranco"]
[Black "Femiano, Andrea"]
[Result "1/2-1/2"]
[WhiteElo "2017"]
[BlackElo "2125"]
[PlyCount "43"]
[EventDate "2004.07.09"]

1. d4 Nf6 2. Nf3 e6 3. e3 b6 4. Bd3 Bb7 5. Nbd2 c5 6. b3 Nc6 7. Bb2 cxd4 8.
exd4 Rc8 9. a3 d5 10. O-O Bd6 11. Ne5 O-O 12. f4 Ne7 13. Qe2 Bb8 14. g4 Nd7 15.
Rae1 Nxe5 16. fxe5 Nc6 17. Qg2 f6 18. Qh3 g6 19. exf6 Rxf6 20. Rxf6 Qxf6 21.
Rf1 Qe7 22. Nf3 1/2-1/2

[Event "XI Festival A"]
[Site "Campobasso ITA"]
[Date "2004.07.09"]
[Round "2"]
[White "Napoli, Nicolo'"]
[Black "Mrdja, Milan"]
[Result "0-1"]
[WhiteElo "2172"]
[BlackElo "2432"]
[PlyCount "46"]
[EventDate "2004.07.09"]

1. e4 Nf6 2. e5 Nd5 3. c4 Nb6 4. c5 Nd5 5. Nc3 e6 6. Bc4 Nxc3 7. bxc3 Bxc5 8.
Qg4 Bf8 9. d4 d5 10. Bd3 c5 11. Ne2 Nc6 12. O-O Qc7 13. Ng3 g6 14. Bg5 Be7 15.
Bb5 Bd7 16. a4 Bxg5 17. Qxg5 cxd4 18. cxd4 Nxd4 19. Qf6 Rg8 20. Rae1 Nc6 21.
Bxc6 Bxc6 22. Ne2 Qe7 23. Qf4 Qd7 0-1

[Event "XI Festival A"]
[Site "Campobasso ITA"]
[Date "2004.07.09"]
[Round "2"]
[White "Naumkin, Igor"]
[Black "Ficco, Corrado"]
[Result "1-0"]
[WhiteElo "2457"]
[BlackElo "2145"]
[PlyCount "66"]
[EventDate "2004.07.09"]

1. d4 Nf6 2. c4 g6 3. Nc3 d5 4. cxd5 Nxd5 5. e4 Nxc3 6. bxc3 Bg7 7. Bc4 O-O 8.
Ne2 c5 9. O-O cxd4 10. cxd4 Nc6 11. Be3 Na5 12. Bd3 b6 13. Qd2 Bb7 14. Rad1 e6
15. h4 Rc8 16. h5 Nc4 17. Bxc4 Rxc4 18. hxg6 hxg6 19. Ng3 Qd7 20. Qe2 Rfc8 21.
Qg4 Qe8 22. Qh4 f5 23. exf5 exf5 24. Ne2 Bd5 25. Nf4 Bf7 26. Nh3 Qe4 27. Bf4
Rxd4 28. Rde1 Qc6 29. Ng5 Rxf4 30. Qxf4 Bxa2 31. Re7 Qf6 32. Rfe1 a5 33. Qh4
Bd5 1-0

[Event "XI Festival A"]
[Site "Campobasso ITA"]
[Date "2004.07.09"]
[Round "2"]
[White "Pagano, Sergio"]
[Black "Petruccioli, Antonio"]
[Result "0-1"]
[WhiteElo "1906"]
[BlackElo "2091"]
[PlyCount "117"]
[EventDate "2004.07.09"]

1. d4 d5 2. Nf3 c6 3. c3 Nf6 4. Bf4 Nh5 5. Be3 Bf5 6. Nbd2 h6 7. Qb3 Qb6 8. h3
Nf6 9. Ne5 e6 10. g4 Bh7 11. Bg2 Be7 12. f4 Nbd7 13. Qxb6 axb6 14. O-O Nxe5 15.
dxe5 Nd7 16. a4 Bc2 17. b3 Bc5 18. Bd4 Be7 19. Ra2 Bh7 20. Rfa1 c5 21. Bf2
O-O-O 22. a5 Kc7 23. c4 dxc4 24. bxc4 bxa5 25. Rxa5 Nxe5 26. fxe5 Rxd2 27. Rb5
Rb8 28. Bxc5 Bxc5+ 29. Rxc5+ Kd8 30. Kf2 Rd7 31. Rb5 Kc8 32. Ke3 Bg6 33. Rf1
Kc7 34. c5 Kc8 35. Rf4 Ra8 36. Rfb4 Ra3+ 37. Kf2 Ra7 38. Rb6 Bc2 39. Rb2 Ba4
40. Ra2 Rd4 41. Rb1 Kc7 42. Ke3 Rc4 43. Rba1 Ra6 44. Rf1 Be8 45. Rxa6 bxa6 46.
c6 a5 47. Kd3 Rb4 48. Kc3 Rb5 49. Kd4 a4 50. Ra1 Ra5 51. Ra3 Bxc6 52. Rc3 Ra6
53. Bxc6 Rxc6 54. Ra3 Ra6 55. Kc5 Ra5+ 56. Kb4 Rxe5 57. Rc3+ Kd7 58. e3 Re4+
59. Kc5 0-1

[Event "XI Festival A"]
[Site "Campobasso ITA"]
[Date "2004.07.09"]
[Round "2"]
[White "Ragnoni, Alessandro"]
[Black "Casale, Antonio"]
[Result "1-0"]
[WhiteElo "2075"]
[BlackElo "1844"]
[PlyCount "41"]
[EventDate "2004.07.09"]

1. e4 c5 2. Nf3 d6 3. d4 cxd4 4. Nxd4 Nf6 5. Nc3 a6 6. Bg5 e6 7. f4 Be7 8. Qf3
Qc7 9. O-O-O Nbd7 10. Bd3 Rb8 11. Rhe1 b5 12. Qg3 e5 13. Nf5 Bf8 14. Bxf6 Nxf6
15. Nxg7+ Ke7 16. Qh4 Bb7 17. Nf5+ Ke6 18. Qh3 b4 19. Nd5 Nxd5 20. exd5+ Bxd5
21. Ne3+ 1-0

[Event "XI Festival A"]
[Site "Campobasso ITA"]
[Date "2004.07.09"]
[Round "2"]
[White "Scagliarini, Bruno"]
[Black "Messina, Enrico"]
[Result "0-1"]
[WhiteElo "2019"]
[BlackElo "2112"]
[PlyCount "50"]
[EventDate "2004.07.09"]

1. c4 e5 2. Nc3 Nc6 3. g3 g6 4. Bg2 Bg7 5. e3 d6 6. Nge2 h5 7. d4 exd4 8. exd4
h4 9. Be3 hxg3 10. hxg3 Rxh1+ 11. Bxh1 Bf5 12. Qb3 Qc8 13. O-O-O Nf6 14. Nd5
Ng4 15. Nef4 Kf8 16. f3 Nxe3 17. Qxe3 Qe8 18. Qf2 Qd8 19. g4 Bd7 20. Kb1 Na5
21. Qc2 Rc8 22. Ne3 Nc6 23. Ne2 Qh4 24. f4 Re8 25. Bxc6 bxc6 0-1

[Event "XI Festival A"]
[Site "Campobasso ITA"]
[Date "2004.07.09"]
[Round "2"]
[White "Shytaj, Luca"]
[Black "Mitkov, Nikola"]
[Result "1/2-1/2"]
[WhiteElo "2344"]
[BlackElo "2534"]
[PlyCount "45"]
[EventDate "2004.07.09"]

1. e4 d6 2. d4 Nf6 3. Nc3 e5 4. Nge2 Be7 5. f3 c6 6. Be3 b5 7. dxe5 dxe5 8.
Qxd8+ Bxd8 9. a4 b4 10. Nb1 Bb6 11. Kf2 Be6 12. Nd2 O-O 13. Nc1 Bxe3+ 14. Kxe3
c5 15. Bc4 Bxc4 16. Nxc4 Nc6 17. Rd1 Rfd8 18. Rxd8+ Rxd8 19. Nd3 Nd7 20. Rc1 f6
21. c3 Rb8 22. Nf2 b3 23. a5 1/2-1/2

[Event "XI Festival A"]
[Site "Campobasso ITA"]
[Date "2004.07.09"]
[Round "2"]
[White "Stromboli, Carlo"]
[Black "Voiska, Margarita"]
[Result "0-1"]
[WhiteElo "2020"]
[BlackElo "2387"]
[PlyCount "92"]
[EventDate "2004.07.09"]

1. e4 d6 2. d4 Nf6 3. Nc3 e5 4. Nf3 Nbd7 5. Bc4 Be7 6. O-O O-O 7. h3 c6 8. a4
a5 9. Be3 h6 10. Qe2 Nh7 11. Ne1 Bf6 12. dxe5 Nxe5 13. Ba2 Re8 14. Rd1 Ng6 15.
Qd3 Bxc3 16. bxc3 Nf6 17. Qxd6 Qxd6 18. Rxd6 Rxe4 19. Bd4 Be6 20. Bxe6 fxe6 21.
Nd3 e5 22. Be3 Rxa4 23. Nc5 Rc4 24. Nxb7 a4 25. Ra1 Rxc3 26. Nd8 Ne7 27. Ne6
Nf5 28. Rd8+ Rxd8 29. Nxd8 Nxe3 30. fxe3 a3 31. Kf2 Rxc2+ 32. Kf3 a2 33. Nxc6
Rxc6 34. Rxa2 Kf7 35. g4 e4+ 36. Kg3 Rc3 37. Ra7+ Kg6 38. Kf4 Rc2 39. h4 Rf2+
40. Ke5 Rg2 41. h5+ Kh7 42. Rf7 Rxg4 43. Kf5 Rg5+ 44. Kf4 Rxh5 45. Rb7 Kg6 46.
Ra7 Rf5+ 0-1

[Event "XI Festival A"]
[Site "Campobasso ITA"]
[Date "2004.07.09"]
[Round "2"]
[White "Valotta, Massimiliano"]
[Black "Caputi, Nicola"]
[Result "1-0"]
[WhiteElo "1838"]
[BlackElo "2067"]
[PlyCount "99"]
[EventDate "2004.07.09"]

1. e4 c5 2. Nf3 e6 3. d4 cxd4 4. Nxd4 a6 5. Nc3 Qc7 6. Be3 Nc6 7. Be2 Nf6 8. a3
d6 9. O-O Be7 10. Nb3 O-O 11. a4 b6 12. Qe1 Bb7 13. f3 Rac8 14. Qf2 Nd7 15.
Rfd1 Nb4 16. Rac1 d5 17. Rd2 Rfd8 18. Rcd1 dxe4 19. fxe4 Nc6 20. Rf1 Nce5 21.
Kh1 Rf8 22. Bf4 Nc5 23. Qg3 Bf6 24. Nxc5 Qxc5 25. Be3 Qe7 26. Bxb6 Kh8 27. a5
Ng6 28. Rfd1 Qb4 29. Na2 Qxb2 30. c4 Qe5 31. Qxe5 Nxe5 32. c5 Bxe4 33. Bxa6 Ra8
34. Bb5 g6 35. Rf1 Bg7 36. Rd6 h5 37. c6 Bh6 38. Nc3 Bf5 39. Bd4 Bg7 40. Bb6
Ng4 41. Ne2 Be5 42. Bd4 Bxd4 43. Nxd4 Rxa5 44. c7 Raa8 45. Rc1 Nf2+ 46. Kg1 Ne4
47. Ra6 Rxa6 48. Bxa6 Nf6 49. Nxf5 gxf5 50. Rd1 1-0

[Event "XI Festival A"]
[Site "Campobasso ITA"]
[Date "2004.07.10"]
[Round "3"]
[White "Caputi, Nicola"]
[Black "Scagliarini, Bruno"]
[Result "0-1"]
[WhiteElo "2067"]
[BlackElo "2019"]
[PlyCount "80"]
[EventDate "2004.07.09"]

1. c4 e6 2. Nf3 Nf6 3. d4 c5 4. Nc3 Be7 5. e4 d6 6. Be2 Nc6 7. O-O O-O 8. Be3
e5 9. dxc5 dxc5 10. h3 a6 11. Bg5 Be6 12. Bxf6 Bxf6 13. Nd5 g6 14. Ne1 Bg5 15.
Nd3 Qa5 16. a3 b5 17. b4 cxb4 18. axb4 Qd8 19. cxb5 axb5 20. Rxa8 Qxa8 21. Nc7
Qb8 22. Nxe6 fxe6 23. Bg4 Nd4 24. Nc5 Qe8 25. Qd3 h5 26. Bd1 Kh7 27. Bb3 Rf7
28. f3 Qe7 29. g3 Bh6 30. Rf2 Qg5 31. f4 exf4 32. Qxd4 Qxg3+ 33. Kf1 Qxh3+ 34.
Ke2 f3+ 35. Kd3 Qh1 36. Nxe6 Qb1+ 37. Bc2 Qa2 38. Nc5 Bg7 39. e5 Qa3+ 40. Bb3
Re7 0-1

[Event "XI Festival A"]
[Site "Campobasso ITA"]
[Date "2004.07.10"]
[Round "3"]
[White "Casale, Antonio"]
[Black "Bottino, Alexiei"]
[Result "0-1"]
[WhiteElo "1844"]
[BlackElo "2061"]
[PlyCount "58"]
[EventDate "2004.07.09"]

1. d4 Nf6 2. Nf3 g6 3. g3 Bg7 4. Bg2 d5 5. O-O O-O 6. Bf4 c6 7. Re1 Qb6 8. Bc1
Nbd7 9. c3 e5 10. dxe5 Ng4 11. Qd4 Ngxe5 12. Qxb6 axb6 13. Nbd2 Nc5 14. Nd4 Re8
15. Kf1 Bd7 16. h3 b5 17. N2b3 Na4 18. Nd2 c5 19. N4f3 Nc4 20. Nxc4 bxc4 21.
Rd1 Bc6 22. Rb1 Bxc3 23. b3 Nb6 24. Bf4 Rxa2 25. e3 d4 26. exd4 Ree2 27. Be3
cxd4 28. Nxd4 Bxg2+ 29. Kxg2 Rxe3 0-1

[Event "XI Festival A"]
[Site "Campobasso ITA"]
[Date "2004.07.10"]
[Round "3"]
[White "Damia, Angelo"]
[Black "Stromboli, Carlo"]
[Result "1-0"]
[WhiteElo "2129"]
[BlackElo "2020"]
[PlyCount "79"]
[EventDate "2004.07.09"]

1. e4 c5 2. Nf3 d6 3. d4 cxd4 4. Nxd4 Nf6 5. Nc3 Nc6 6. Bg5 e5 7. Ndb5 a6 8.
Na3 Be7 9. Nc4 b5 10. Bxf6 gxf6 11. Ne3 Be6 12. Ncd5 Qa5+ 13. Qd2 Qxd2+ 14.
Kxd2 O-O 15. c3 Rfb8 16. b4 Bd8 17. a4 Na7 18. a5 Nc6 19. Bd3 Kg7 20. g4 Ne7
21. h4 h6 22. Raf1 Ra7 23. f4 Nxd5 24. exd5 Bc8 25. Bf5 Bb7 26. Be4 Bc8 27.
Rhg1 exf4 28. Rxf4 Re7 29. Bf5 Bb7 30. g5 fxg5 31. hxg5 hxg5 32. Rxg5+ Kf8 33.
Rg2 Bc8 34. Bh7 Ke8 35. Rg8+ Kd7 36. Nf5 Re5 37. Nd4 f6 38. Rxd8+ Kxd8 39. Nc6+
Kd7 40. Nxb8+ 1-0

[Event "XI Festival A"]
[Site "Campobasso ITA"]
[Date "2004.07.10"]
[Round "3"]
[White "Di Lascio, Savino"]
[Black "Pagano, Sergio"]
[Result "0-1"]
[WhiteElo "2024"]
[BlackElo "1906"]
[PlyCount "90"]
[EventDate "2004.07.09"]

1. Nf3 d5 2. g3 Nf6 3. Bg2 g6 4. O-O Bg7 5. d3 c6 6. c3 O-O 7. b4 Nbd7 8. Bb2
Nb6 9. Nbd2 a5 10. a4 Ne8 11. Qb3 axb4 12. a5 bxc3 13. axb6 Rxa1 14. Bxa1 cxd2
15. Nxd2 Nd6 16. e4 e6 17. e5 Nb5 18. Rb1 Qxb6 19. Nc4 Qc7 20. f4 Rd8 21. Ne3
Bf8 22. Ng4 Bc5+ 23. Kh1 Qa5 24. h4 Qa3 25. Qd1 Nc3 26. Bxc3 Qxc3 27. h5 Be7
28. hxg6 hxg6 29. Bf3 Kg7 30. Kg2 Rh8 31. d4 c5 32. dxc5 Bxc5 33. Rc1 Qa5 34.
Qc2 b6 35. Rd1 d4 36. Rh1 Rxh1 37. Kxh1 Qe1+ 38. Kg2 Ba6 39. Qf2 Qc1 40. Qa2
Qf1+ 41. Kh2 Qxf3 42. Nf6 Bb7 43. Kh3 Qh1+ 44. Kg4 Bf3+ 45. Kg5 Qh6# 0-1

[Event "XI Festival A"]
[Site "Campobasso ITA"]
[Date "2004.07.10"]
[Round "3"]
[White "Femiano, Andrea"]
[Black "Valotta, Massimiliano"]
[Result "1-0"]
[WhiteElo "2125"]
[BlackElo "1838"]
[PlyCount "43"]
[EventDate "2004.07.09"]

1. e4 c5 2. Nf3 Nc6 3. d4 cxd4 4. Nxd4 d6 5. Nc3 Nf6 6. Be2 e6 7. O-O Be7 8.
Be3 O-O 9. f4 Qb6 10. Nf5 Qxb2 11. Nxe7+ Nxe7 12. Bd4 Nc6 13. Rb1 Qa3 14. Rb3
Qa5 15. Bxf6 gxf6 16. Kh1 Qc5 17. Qe1 Nd4 18. Qg3+ Kh8 19. Qh4 Rg8 20. Qxf6+
Rg7 21. Na4 Qxc2 22. Rg3 1-0

[Event "XI Festival A"]
[Site "Campobasso ITA"]
[Date "2004.07.10"]
[Round "3"]
[White "Ficco, Corrado"]
[Black "Ragnoni, Alessandro"]
[Result "1/2-1/2"]
[WhiteElo "2145"]
[BlackElo "2075"]
[PlyCount "77"]
[EventDate "2004.07.09"]

1. c4 e5 2. Nc3 f5 3. d4 e4 4. g4 d6 5. gxf5 Bxf5 6. Bf4 g5 7. Bg3 c6 8. Qb3
Qd7 9. e3 Nf6 10. h4 g4 11. Nge2 Na6 12. Nf4 Bh6 13. c5 d5 14. Bxa6 bxa6 15.
Qa4 Bxf4 16. Bxf4 Qb7 17. O-O-O Kf7 18. h5 Rhg8 19. Rdg1 Rae8 20. b3 Nd7 21.
Qa5 Nf8 22. Qc7+ Qxc7 23. Bxc7 Ne6 24. Bg3 Ng5 25. Rd1 Nf3 26. Kb2 Re7 27. Ka3
Bc8 28. Ka4 Ng5 29. Bh4 Rb7 30. Bxg5 Rxg5 31. Rdg1 Ke8 32. Ne2 Rbg7 33. Rg3 Kd8
34. Nf4 Kc7 35. Ka5 Kb7 36. Rh2 Bd7 37. h6 Rg8 38. Rh4 R8g6 39. Rh2 1/2-1/2

[Event "XI Festival A"]
[Site "Campobasso ITA"]
[Date "2004.07.10"]
[Round "3"]
[White "Gagliardi, Pietro"]
[Black "Della Corte, Alessandro"]
[Result "0-1"]
[WhiteElo "2201"]
[BlackElo "2128"]
[PlyCount "110"]
[EventDate "2004.07.09"]

1. e4 e5 2. Nf3 Nf6 3. Nxe5 d6 4. Nf3 Nxe4 5. d4 d5 6. Bd3 Bd6 7. c4 Bb4+ 8.
Nbd2 O-O 9. O-O Bxd2 10. Nxd2 Nxd2 11. Qxd2 Nc6 12. Rd1 Bg4 13. f3 Bh5 14. Qg5
Bg6 15. Bxg6 hxg6 16. c5 Qxg5 17. Bxg5 Rfe8 18. Bf4 Re7 19. Rd2 Rae8 20. Kf2 f6
21. h4 Kf7 22. Bg3 Ke6 23. Re1+ Kd7 24. Rxe7+ Rxe7 25. Bf4 Re6 26. Rd3 Kc8 27.
Bd2 Ne7 28. g3 Nf5 29. Bc3 Ra6 30. a3 Kd7 31. Rd1 Re6 32. Rh1 Kc6 33. g4 Ne7
34. h5 f5 35. h6 gxh6 36. Rxh6 fxg4 37. fxg4 Ng8 38. Rh8 Nf6 39. Kf3 Ne4 40.
Kf4 b6 41. cxb6 axb6 42. g5 Re7 43. Rf8 Kb5 44. Rf6 Nxf6 45. gxf6 Re2 46. Kg5
Rg2+ 47. Kh6 g5 48. Be1 Rg1 49. Bd2 g4 50. Bf4 g3 51. f7 g2 52. f8=Q Rh1+ 53.
Kg6 g1=Q+ 54. Bg5 Qb1+ 55. Qf5 Kc4 0-1

[Event "XI Festival A"]
[Site "Campobasso ITA"]
[Date "2004.07.10"]
[Round "3"]
[White "Ljubisavljevic, Zivojin Z."]
[Black "Adamo, Luigi"]
[Result "1-0"]
[WhiteElo "2280"]
[BlackElo "1742"]
[PlyCount "83"]
[EventDate "2004.07.09"]

1. b3 Nf6 2. Bb2 e6 3. f4 c5 4. Nf3 Nc6 5. e3 a6 6. Nc3 d5 7. Ne2 Be7 8. h3 b5
9. g3 Bb7 10. Bg2 Qb6 11. O-O Rd8 12. Kh2 Nb8 13. g4 h6 14. Qe1 Nbd7 15. a4 b4
16. Ng3 Qc7 17. Ne5 a5 18. Nxd7 Rxd7 19. Be5 Qc8 20. Kg1 Bc6 21. Qe2 Bd6 22.
Bxd6 Rxd6 23. g5 Ne4 24. Bxe4 dxe4 25. Nh5 Kf8 26. Qg4 g6 27. Nf6 h5 28. Qg2
Qb7 29. Rad1 Ke7 30. Qe2 Bd5 31. d3 Rhd8 32. Kf2 exd3 33. Rxd3 Bh1 34. e4 c4
35. Rxd6 Rxd6 36. Rxh1 Qb6+ 37. Kf3 cxb3 38. cxb3 Qd8 39. Re1 Rd3+ 40. Kg2 Rd2
41. Nd5+ exd5 42. Qxd2 1-0

[Event "XI Festival A"]
[Site "Campobasso ITA"]
[Date "2004.07.10"]
[Round "3"]
[White "Mazzilli, Piero"]
[Black "Affinito, Pancrazio"]
[Result "1-0"]
[WhiteElo "2302"]
[BlackElo "2115"]
[PlyCount "68"]
[EventDate "2004.07.09"]

1. d4 Nf6 2. Nc3 c5 3. d5 d6 4. e4 g6 5. f4 Bg7 6. Nf3 O-O 7. Bc4 e6 8. O-O
exd5 9. Bxd5 Nxd5 10. Nxd5 Nc6 11. c3 Be6 12. Ne3 Ne7 13. Ng5 Qd7 14. f5 gxf5
15. Nxh7 Kxh7 16. exf5 Nxf5 17. Nxf5 Bxf5 18. Qh5+ Kg8 19. Rxf5 Qe6 20. Bd2 Qg6
21. Qf3 b6 22. Rg5 Qh7 23. c4 Qh6 24. Qd3 Rae8 25. Rf1 Re6 26. Rxc5 Qh7 27.
Qxh7+ Kxh7 28. Rh5+ Kg8 29. b3 Bd4+ 30. Kh1 Rfe8 31. Rg5+ Rg6 32. Rd5 Re4 33.
Rf4 Rxf4 34. Bxf4 Bc5 1-0